Cities With The Most Homeless People - Statistics

General Stats
  • This quiz has been taken 19 times
  • The average score is 2 of 5
Answer Stats
Population of Homeless City % Correct
74,000 New York City
56%
58,000 Los Angeles
50%
3.1 Million Manila
50%
60,000 Mumbai
50%
58,000 Moscow
13%
No matching quizzes found
Score Distribution
Percent of People with Each Score
Percentile by Number Answered
Your Score History
You have not taken this quiz